Matematika - čísla

Podrobná bibliografia
Hlavný autor: Reiterová, Monika (Autor)
Médium: Kniha
Jazyk:slovenčina
Fyzický popis:[2] s. ilustr. 21 cm
Vydavateľské údaje: Bratislava Ikar - Príroda 2016
ISBN:9788055150239
Predmet:

MARC

LEADER 00000nam a2200000 a 4500
001 vtls011581963
003 SK-MaSNL
005 20260301141048.0
008 240318s2016 xo a g p 000 0 slo
015 |a SNBA2017/10 
020 |a 9788055150239  |q (brož.) 
040 |a SNK  |b slo  |c SNK  |e AACR2 
041 0 |a slo 
044 |a xo  |c SK 
072 7 |a 37.016  |x Učebné osnovy. Vyučovacie predmety. Učebnice  |2 konspekt 
072 7 |a 511.1  |x Aritmetika  |2 konspekt 
080 |a 511.11  |2 2011 
080 |a (048.8)  |2 2011 
080 |a (072)  |2 2011 
080 |a 511.1  |2 2011 
100 1 |a Reiterová, Monika  |4 aut  |9 27866 
245 1 0 |a Matematika - čísla  |c text Monika Reiterová 
246 3 0 |a Čísla 
260 |a Bratislava  |b Ikar - Príroda  |c 2016 
300 |a [2] s.  |b ilustr.  |c 21 cm 
650 0 7 |a čísla  |2 SNKPH  |9 57358 
650 0 7 |a Numbers  |2 SNKPHeng  |9 315902 
650 0 7 |a aritmetika  |2 SNKPH  |9 734 
650 0 7 |a Arithmetic  |2 SNKPHeng  |9 346695 
655 7 |a prehľady  |2 SNKPH  |9 70194 
655 7 |a učebné pomôcky  |2 SNKPH  |9 70567 
655 7 |a Surveys  |2 SNKPHeng  |9 266058 
655 7 |a Teaching aids  |2 SNKPHeng  |9 315691 
919 |a 978-80-551-5023-9 
999 |c 765893  |d 767823 
952 |a SNK  |b SNK  |y PREZ  |7 0  |p 17A1215381  |o snkLSC 1441  |i snk2016/22399  |8 0  |0 0  |1 0  |4 0  |d 2016-09-27  |l 0  |r 2026-02-24 00:18:48  |w 2026-02-24 
952 |a SNK  |b SNK  |y PREZ  |7 0  |p 17A1215382  |o snkLSC 1441 D1  |i snk2016/22400  |8 0  |0 0  |1 0  |4 0  |d 2016-09-27  |l 0  |r 2026-02-24 00:18:48  |w 2026-02-24